| 000 | 01046nam a2200325 a 4500 | ||
|---|---|---|---|
| 001 | vtls000189307 | ||
| 003 | NLI | ||
| 005 | 20210602111616.0 | ||
| 008 | 101125s1997 enka 001 0 eng | ||
| 020 |
_a185567226X : _cPND 55.00 |
||
| 020 | _a1855672278 | ||
| 039 | 9 |
_y201011252245 _zVLOAD |
|
| 040 |
_aNLI _beng _cDatasoft 1 _eAACR2 |
||
| 041 | 0 | _aeng | |
| 044 | _aenk | ||
| 082 | 0 | 4 | _a320.53230951 |
| 100 | 1 |
_aBlecher, Marc _9362733 |
|
| 245 | 1 | 0 |
_aChina against the tides : _brestructuring through revolution, radicalism and reform / _cMarc Blecher |
| 260 |
_aLondon : _bPinter Publishers, _c1997 |
||
| 300 |
_axii, 243 p. : _bill. ; _c24 cm. |
||
| 504 | _aIncludes bibliographical references and index | ||
| 650 | 0 |
_aCommunism _zChina _966434 |
|
| 651 | 0 |
_aChina _xEconomic policy _y1949- _9220613 |
|
| 651 | 0 |
_aChina _xPolitics and government _y1949- _9185840 |
|
| 887 | _a | ||
| 901 |
_a531144 _b18.3.1998 |
||
| 902 | _aE 320.53230951 B 614 | ||
| 942 |
_2ddc _cBKS |
||
| 949 |
_AVIRTUAITEM _D10000 _X100 _6PUR000531144ENG |
||
| 999 |
_aVIRTUA40 _c192501 _d192501 |
||